The entropy law and the economics process

保存先:
書誌詳細
第一著者: Roegen, Nicholas Georgescu
フォーマット: 図書
言語:Undetermined
出版事項: Cambridge Harvard University Press 1971
主題:
タグ: タグ追加
タグなし, このレコードへの初めてのタグを付けませんか!
Thư viện lưu trữ: Trung tâm Học liệu Trường Đại học Cần Thơ
LEADER 00522nam a2200181Ia 4500
001 CTU_80391
008 210402s9999 xx 000 0 und d
082 |a 330.1 
082 |b R712 
100 |a Roegen, Nicholas Georgescu 
245 4 |a The entropy law and the economics process 
245 0 |c Nicholas Georgescu Roegen 
260 |a Cambridge 
260 |b Harvard University Press 
260 |c 1971 
650 |a Economics,Entropy 
904 |i Trọng Hải 
980 |a Trung tâm Học liệu Trường Đại học Cần Thơ